000 00312nam a2200109Ia 4500
008 171211s9999 xx 000 0 und d
245 _aHandbook of Venoms and Toxins of Reptiles
245 _cStephen P. Mackessy
260 _c2009
650 _xBiology
856 _uhttp://down.ebook777.com/061/9780849391651.pdf
999 _c350436
_d350436